Důležité prvky prodejní taktiky.

Ponuka, ktorá upúta pozornosť. Výstižná charakteristika zákazníkovej potreby. Jasný návrh riešenia. Informácia o cene. Náčrt predpokladov dosiahnutia priaznivej odozvy u zákazníka.

Guardado en:
Detalles Bibliográficos
Autor principal: Bureš, I.
Formato: Capítulo de libro
Lenguaje:checo
Materias:
Etiquetas: Agregar Etiqueta
Sin Etiquetas, Sea el primero en etiquetar este registro!

MARC

LEADER 00000naa a2200000 4500
001 r011048
005 20220831085110.6
041 0 |a cze 
044 |a [CS] 
245 1 0 |a Důležité prvky prodejní taktiky.  |c I. Bureš 
520 |a Ponuka, ktorá upúta pozornosť. Výstižná charakteristika zákazníkovej potreby. Jasný návrh riešenia. Informácia o cene. Náčrt predpokladov dosiahnutia priaznivej odozvy u zákazníka. 
610 2 0 |a predaj 
610 2 0 |a ponuka 
610 2 0 |a zákazníci 
100 1 |a Bureš, I.